ბათუმის შოთა რუსთაველის სახელმწიფო უნივერსიტეტის ბიბლიოთეკა

Лабораторные работы и межсессионные задания по физической географии СССР. (ბიბ.ჩანაწერი № 35576)

000 -LEADER
fixed length control field 00712nam a2200205Ia 4500
001 - CONTROL NUMBER
control field 1438
003 - CONTROL NUMBER IDENTIFIER
control field GE_BSU
008 - FIXED-LENGTH DATA ELEMENTS--GENERAL INFORMATION
fixed length control field 181216s||||||||xx |||||||||||||| ||und||
040 ## - CATALOGING SOURCE
Transcribing agency GE_BSU
080 ## - UNIVERSAL DECIMAL CLASSIFICATION NUMBER
Universal Decimal Classification number 911.2(470)
245 ## - TITLE STATEMENT
Title Лабораторные работы и межсессионные задания по физической географии СССР.
245 ## - TITLE STATEMENT
Remainder of title Для студ- заочников III-IVкурсов педагог. Ин-тов
260 ## - PUBLICATION, DISTRIBUTION, ETC.
Place of publication, distribution, etc. Москва
260 ## - PUBLICATION, DISTRIBUTION, ETC.
Name of publisher, distributor, etc. Прсвещение
260 ## - PUBLICATION, DISTRIBUTION, ETC.
Date of publication, distribution, etc. 1983
300 ## - PHYSICAL DESCRIPTION
Extent 175 с. 21 см.
653 ## - INDEX TERM--UNCONTROLLED
Uncontrolled term Лабораторные работы по Физической географии
942 ## - ADDED ENTRY ELEMENTS (KOHA)
Koha item type წიგნი
ეგზემპლარები
Withdrawn status Lost status Damaged status Not for loan Date acquired Barcode Date last seen Price effective from Koha item type
        2018-12-17 2881 2018-12-17 2018-12-17 წიგნი